Francie. Naši obchodní partneři.
Základné údaje o Francúzsku. Politická situácia. Hospodárska situácia. Mena. Štátne financie. Platobná bilancia. Zahraničný obchod. Obchodné styky Československa s Francúzskom. Rozvoj výrobnej kooperácie a spolupráce na tretích trhoch. Pobočky francúzskych bánk a reprezentácie francúzskych podnikov...
Gespeichert in:
| 1. Verfasser: | |
|---|---|
| Format: | Buchkapitel |
| Sprache: | Tschechisch |
| Schlagworte: | |
| Tags: |
Keine Tags, Fügen Sie das erste Tag hinzu!
|
MARC
| LEADER | 00000naa a2200000 4500 | ||
|---|---|---|---|
| 001 | r011077 | ||
| 005 | 20220826093357.3 | ||
| 041 | 0 | |a cze | |
| 044 | |a [CS] | ||
| 245 | 1 | 0 | |a Francie. |b Naši obchodní partneři. |c J. Hálek |
| 520 | |a Základné údaje o Francúzsku. Politická situácia. Hospodárska situácia. Mena. Štátne financie. Platobná bilancia. Zahraničný obchod. Obchodné styky Československa s Francúzskom. Rozvoj výrobnej kooperácie a spolupráce na tretích trhoch. Pobočky francúzskych bánk a reprezentácie francúzskych podnikov v ČSFR. Francúzske investície v ČSFR. | ||
| 610 | 2 | 0 | |a Francúzsko |
| 610 | 2 | 0 | |a ČSFR |
| 610 | 2 | 0 | |a informácie obchodno-ekonomické |
| 610 | 2 | 0 | |a obchod zahraničný |
| 610 | 2 | 0 | |a spolupráca hospodárska medzinárodná |
| 100 | 1 | |a Hálek, J. | |